Bombers; patrol and transport aircraft, 1939-45 /

Bibliographic Details
Main Author: Munson, Kenneth
Other Authors: Wood, John W.
Format: Book
Language:English
Published: New York] : Macmillan, [1969]
Series:Pocket encyclopaedia of world aircraft in colour.
Subjects:

MARC

Tag First Indicator Second Indicator Subfields
LEADER 00000cam a2200000 4500
001 in00000098975
005 20150926125547.0
008 690926s1969 nyua 00110 eng
010 |a  77092035  
035 |a (OCoLC)00032598 
035 |9 AAL3656AM 
037 |c 3.95 
040 |a DLC  |c DLC  |d TXA  |d UtOrBLW 
049 |a TXAM  |c [850834] 
050 0 0 |a TL685.3  |b .M8455 
082 0 |a 623.7/463/09044 
100 1 |a Munson, Kenneth. 
245 1 0 |a Bombers; patrol and transport aircraft, 1939-45 /  |c by Kenneth Munson. Illustrated by John W. Wood [and others. 
264 1 |a New York] :  |b Macmillan,  |c [1969] 
300 |a 163 pages :  |b 80 color illustrations ;  |c 19 cm. 
336 |a text  |b txt  |2 rdacontent 
337 |a unmediated  |b n  |2 rdamedia 
338 |a volume  |b nc  |2 rdacarrier 
490 1 |a The Pocket encyclopedia of world aircraft in color 
500 |a On spine: World aircraft - Bombers, 1939-45. 
650 0 |a Bombers. 
700 1 |a Wood, John W. 
740 0 |a Bombers, 1939-45. 
830 0 |a Pocket encyclopaedia of world aircraft in colour. 
999 |a MARS 
999 f f |s 5ab39ed4-5244-3d36-b703-492be4f51383  |i 23566884-8921-3354-bfaa-836eab146ddb  |t 0 
952 f f |p normal  |a Texas A&M University  |b College Station  |c Sterling C. Evans Library  |d Evans: Library Stacks  |t 0  |e TL685.3 .M8455  |h Library of Congress classification  |i unmediated -- volume  |m A14805548393 
998 f f |a TL685.3 .M8455  |t 0  |l Evans: Library Stacks